| 000 | 00929nam a2200301 i 4500 | ||
|---|---|---|---|
| 003 | CO-BoRNBP | ||
| 005 | 20241004090504.0 | ||
| 007 | ta | ||
| 008 | 080726s2014 a gr 00010 spa d | ||
| 020 | _a9789962045373 | ||
| 040 |
_aCO-BoBLA _bspa _cCO-BoBLA |
||
| 043 | _aespañol | ||
| 082 | 0 | 4 |
_a507.8 _bC65e _2Primera |
| 100 | _evarios autores | ||
| 245 | 0 | 0 |
_a365 Experimentos de ciencia: _b"La ciencia nunca tan divertida como ahora" |
| 250 | _a1a. edición | ||
| 264 | 1 |
_bLEXUS _c©2014 |
|
| 300 |
_a224 p. : _bil. ; a color _c27.5 cm x 19.5 cm |
||
| 336 |
_2rdacontent _atexto _btxt |
||
| 337 |
_2rdamedia _asin mediación _bn |
||
| 338 |
_2rdacarrier _avolumen _bnc |
||
| 490 | _v1 Tomo | ||
| 650 | 7 |
_aCiencia _xExperimentos _2LEMB _942757 |
|
| 650 | 7 |
_aCiencia _zMaterial educativo _2LEMB _942758 |
|
| 650 | 7 |
_aCiencia _zMaterial de consulta infantil y juvenil _2LEMB _942759 |
|
| 942 |
_2ddc _cBK |
||
| 949 |
_an _bn |
||
| 999 |
_c38384 _d38384 |
||